<?xml version="1.0" encoding="UTF-8"?>
<collection xmlns="http://www.loc.gov/MARC21/slim">
 <record>
  <leader>00838cam a2200193 7i4500</leader>
  <controlfield tag="001">0000067648</controlfield>
  <controlfield tag="005">20091117090000.0</controlfield>
  <controlfield tag="008">091117s2007</controlfield>
  <datafield tag="020" ind1="0" ind2="0">
   <subfield code="a">155740819x </subfield>
  </datafield>
  <datafield tag="090" ind1="0" ind2="0">
   <subfield code="a">TP 374.5 </subfield>
   <subfield code="b">.F6 2007</subfield>
  </datafield>
  <datafield tag="245" ind1="0" ind2="0">
   <subfield code="a">Food labels : </subfield>
   <subfield code="b">read before you eat.</subfield>
  </datafield>
  <datafield tag="260" ind1="0" ind2="0">
   <subfield code="a">Lake Zurich, IL.: </subfield>
   <subfield code="b">Learning Seed, </subfield>
   <subfield code="c">2007.</subfield>
  </datafield>
  <datafield tag="300" ind1=" " ind2=" ">
   <subfield code="a">1 CDROM: </subfield>
   <subfield code="b">col.; </subfield>
   <subfield code="c">4 3/4 in..</subfield>
  </datafield>
  <datafield tag="520" ind1="0" ind2="0">
   <subfield code="a">Contains an 74 slide presentation on food labels. The contents include nutrition facts, ingredient lists, label claims, health claims, freshness codes, food allergies, tracking info, kosher</subfield>
  </datafield>
  <datafield tag="538" ind1="0" ind2="0">
   <subfield code="a">System requirements: any computer with Microsoft Power Point or compatible presentation software</subfield>
  </datafield>
  <datafield tag="650" ind1="0" ind2="0">
   <subfield code="a">Nutrition </subfield>
  </datafield>
  <datafield tag="650" ind1="0" ind2="0">
   <subfield code="a">Food -- </subfield>
   <subfield code="x">Labeling </subfield>
  </datafield>
  <datafield tag="710" ind1="2" ind2="1">
   <subfield code="a">Learning Seed Company </subfield>
  </datafield>
  <datafield tag="999" ind1=" " ind2=" ">
   <subfield code="a">1100062464</subfield>
   <subfield code="b">Digital Video Disc</subfield>
   <subfield code="c">Bahan Sumber Media</subfield>
   <subfield code="e">BILIK BAHAN SUMBER MEDIA</subfield>
  </datafield>
 </record>
</collection>
